[Event "29th Czech Rapid G1 2018"]
[Site "Pardubice CZE"]
[Date "2018.07.19"]
[Round "6.15"]
[White "Frolov, Artur"]
[Black "Kobo, Ori"]
[Result "0-1"]
[WhiteTitle "IM"]
[BlackTitle "GM"]
[WhiteElo "2393"]
[BlackElo "2508"]
[WhiteFideId "14100134"]
[BlackFideId "2812320"]
[EventDate "2018.07.18"]

1. e4 g6 2. d4 Bg7 3. Nc3 d6 4. Be3 a6 5. a4 Nf6 6. f3 Nc6 7. Bc4 O-O 8. Nge2 e5
9. d5 Ne7 10. Qd2 c6 11. dxc6 bxc6 12. Rd1 d5 13. exd5 cxd5 14. Nxd5 Nexd5 15.
Bxd5 Nxd5 16. Qxd5 Qxd5 17. Rxd5 e4 18. fxe4 Bb7 19. Rd2 Bxb2 20. Bd4 Ba3 21.
Ng3 h5 22. Bf6 Bc5 23. Ke2 Rfe8 24. Rhd1 Bc6 25. a5 Bb4 26. Rd8 Bxa5 27. Rxa8
Rxa8 28. Rd6 Bb5+ 29. Kf3 Bc7 30. Rd5 Re8 31. Bd4 Bc6 32. Rc5 Re6 33. h4 f5 34.
Rc3 fxe4+ 35. Ke2 e3 36. Rxe3 Rxe3+ 0-1

[Event "29th Czech Rapid G1 2018"]
[Site "Pardubice CZE"]
[Date "2018.07.19"]
[Round "6.16"]
[White "Harsha, Bharathakoti"]
[Black "Gallego Alcaraz, Andres Felipe"]
[Result "1/2-1/2"]
[WhiteTitle "IM"]
[BlackTitle "IM"]
[WhiteElo "2465"]
[BlackElo "2504"]
[WhiteFideId "5078776"]
[BlackFideId "4402669"]
[EventDate "2018.07.18"]

1. e4 c5 2. Nf3 d6 3. Nc3 Nf6 4. e5 dxe5 5. Nxe5 e6 6. Bb5+ Nbd7 7. d4 a6 8.
Bxd7+ Nxd7 9. Qh5 Nxe5 10. dxe5 Bd7 11. Bg5 Qc7 12. O-O-O Bc6 13. Rhe1 Be7 14.
Re3 h6 15. Bxe7 Qxe7 16. f4 g6 17. Qe2 O-O 18. g4 Rad8 19. Rf1 Rd4 20. Rh3 Kg7
21. Qe3 Rfd8 22. Re1 b5 23. Ne2 Re4 24. Qf2 b4 25. Re3 Rxe3 26. Qxe3 Qh4 27. Qg3
Qxg3 28. Nxg3 Bf3 29. h3 Bg2 30. h4 Bf3 31. Ne4 Rd4 32. Nxc5 Rxf4 33. Rf1 Rc4
34. Nxe6+ fxe6 35. Rxf3 Rxg4 36. Rf6 Rxh4 37. Rxe6 Re4 38. Rxa6 Rxe5 39. a3 bxa3
40. Rxa3 h5 41. b4 h4 42. c4 Re4 43. Rc3 g5 44. b5 g4 45. b6 h3 46. b7 Re8 47.
Rg3 Rb8 48. Rxg4+ Kf6 49. Rh4 Rxb7 50. Rxh3 1/2-1/2

[Event "29th Czech Rapid G1 2018"]
[Site "Pardubice CZE"]
[Date "2018.07.19"]
[Round "6.17"]
[White "Claridge-Hansen, William"]
[Black "Mozharov, Mikhail"]
[Result "1/2-1/2"]
[WhiteTitle "FM"]
[BlackTitle "GM"]
[WhiteElo "2291"]
[BlackElo "2542"]
[WhiteFideId "422509"]
[BlackFideId "4189825"]
[EventDate "2018.07.18"]

1. c4 e5 2. g3 Nf6 3. Bg2 Nc6 4. Nc3 Bc5 5. e3 a6 6. Nge2 d6 7. O-O Ba7 8. d4
Bd7 9. Nd5 h6 10. b3 O-O 11. dxe5 Nxe5 12. Bb2 Nxd5 13. cxd5 Bg4 14. h3 Bf3 15.
Bxf3 Nxf3+ 16. Kg2 Ne5 17. Rc1 Qd7 18. f4 Ng6 19. f5 Ne5 20. Bxe5 dxe5 21. e4 f6
22. Rf3 Rfd8 23. Rd3 Qd6 24. Qc2 Qb6 25. Nc3 Qb4 26. Kf3 Rd7 27. Na4 Rad8 28.
Nc5 Bxc5 29. Qxc5 Qxc5 30. Rxc5 c6 31. Ke2 Kf8 32. b4 Ke7 33. a4 h5 34. Rd1 cxd5
35. exd5 Kd6 36. Kf3 Rc7 37. Rdc1 Rdc8 38. Rxc7 Rxc7 39. Rxc7 Kxc7 40. a5 Kd6
41. Ke4 Ke7 42. Kd3 Kd7 43. Ke3 b6 1/2-1/2

[Event "29th Czech Rapid G1 2018"]
[Site "Pardubice CZE"]
[Date "2018.07.19"]
[Round "6.18"]
[White "Boruchovsky, Avital"]
[Black "Kulkarni, Chinmay"]
[Result "1-0"]
[WhiteTitle "GM"]
[WhiteElo "2558"]
[BlackElo "2336"]
[WhiteFideId "2800055"]
[BlackFideId "5023513"]
[EventDate "2018.07.18"]

1. e4 c5 2. c3 Nf6 3. e5 Nd5 4. d4 cxd4 5. cxd4 d6 6. Nf3 Nc6 7. Bc4 Nb6 8. Bb5
dxe5 9. Nxe5 Bd7 10. Nxd7 Qxd7 11. Nc3 e6 12. O-O Be7 13. Qg4 O-O 14. Bxc6 bxc6
15. Bh6 Bf6 16. Rfd1 Nd5 17. Ne4 Qe7 18. Rac1 Rac8 19. h4 Kh8 20. Bg5 h6 21. Rd3
Rg8 22. Rf3 Kh7 23. Qh5 Qf8 24. Bxf6 gxf6 25. Rxf6 Nxf6 26. Nxf6+ Kh8 27. Nxg8
Kxg8 28. Rc3 Rd8 29. Qe5 Qd6 30. Qf6 Qxd4 31. Qxh6 Qd1+ 32. Kh2 Rd3 33. Rxc6 Rd8
34. Rc3 1-0

[Event "29th Czech Rapid G1 2018"]
[Site "Pardubice CZE"]
[Date "2018.07.19"]
[Round "6.19"]
[White "Chekletsov, Ilya"]
[Black "Zpevak, Pavel"]
[Result "0-1"]
[WhiteTitle "IM"]
[BlackTitle "IM"]
[WhiteElo "2395"]
[BlackElo "2330"]
[WhiteFideId "24177156"]
[BlackFideId "300586"]
[EventDate "2018.07.18"]

1. d4 Nf6 2. c4 e6 3. g3 d5 4. Bg2 dxc4 5. Nf3 Nc6 6. O-O a6 7. Nc3 Rb8 8. e4
Be7 9. Be3 O-O 10. Qe2 b5 11. e5 Nd5 12. Ne4 Bb7 13. Rad1 Ncb4 14. Ne1 Nxa2 15.
Bd2 Nab4 16. f4 f5 17. exf6 Bxf6 18. Nf3 Nd3 19. Neg5 Qe7 20. Bh3 Rbe8 21. Qe4
g6 22. Nxe6 N5xf4 23. Qxf4 Nxf4 24. Bxf4 Bc8 25. Rfe1 Bxe6 26. Rxe6 Qxe6 27.
Bxe6+ Rxe6 28. Bxc7 Re2 29. Ne1 Rxe1+ 30. Rxe1 Bxd4+ 31. Kg2 Bxb2 32. Re6 c3 33.
Be5 Rf5 34. Bd4 Rd5 35. Bf6 a5 36. Ra6 a4 37. g4 a3 38. Kf3 c2 0-1

[Event "29th Czech Rapid G1 2018"]
[Site "Pardubice CZE"]
[Date "2018.07.19"]
[Round "6.31"]
[White "Mojzis, Jaroslav"]
[Black "Hasangatin, Ramil"]
[Result "0-1"]
[WhiteTitle "FM"]
[BlackTitle "GM"]
[WhiteElo "2099"]
[BlackElo "2497"]
[WhiteFideId "302325"]
[BlackFideId "4122160"]
[EventDate "2018.07.18"]

1. Nf3 d6 2. d4 Bg4 3. c4 Bxf3 4. exf3 c6 5. Qb3 Qc7 6. Be2 g6 7. O-O Bg7 8. Be3
Nh6 9. Nc3 Nf5 10. Rad1 Nd7 11. Rfe1 O-O 12. Bf1 Rfe8 13. Qc2 e6 14. Ne2 d5 15.
Ng3 Nxg3 16. hxg3 dxc4 17. Bxc4 Nb6 18. Bb3 Rad8 19. Bf4 Qe7 20. Be5 Bh6 21. Qc5
Qxc5 22. dxc5 Nd5 23. f4 Bf8 24. Bxd5 Rxd5 25. Rxd5 exd5 26. b4 f6 27. Bc3 Rxe1+
28. Bxe1 b6 29. cxb6 axb6 30. a4 Kf7 31. Kf1 Ke6 32. Ke2 f5 33. Kd3 c5 34. a5
bxa5 35. bxc5 Bxc5 36. f3 Bb4 37. Bf2 h5 38. g4 hxg4 39. fxg4 fxg4 40. g3 a4 0-1

[Event "29th Czech Rapid G1 2018"]
[Site "Pardubice CZE"]
[Date "2018.07.19"]
[Round "6.39"]
[White "Becker, Dirk"]
[Black "Barak, Gil"]
[Result "0-1"]
[WhiteElo "2265"]
[BlackElo "1993"]
[WhiteFideId "12938564"]
[BlackFideId "2812690"]
[EventDate "2018.07.18"]

1. d4 d5 2. Bf4 e6 3. e3 c5 4. c3 Nc6 5. Nd2 Bd6 6. Bg3 Nf6 7. Bd3 O-O 8. Ngf3
b6 9. Qe2 Bb7 10. Rd1 Re8 11. e4 dxe4 12. Nxe4 Nxe4 13. Bxe4 cxd4 14. Nxd4 Nxd4
15. Rxd4 Bd5 16. O-O Bxg3 17. hxg3 Qg5 18. Bxd5 exd5 19. Qd3 Rad8 20. Rd1 g6 21.
a4 Qh5 22. g4 Qg5 23. Qf3 Re5 24. Rf4 Rde8 25. Rf1 Re1 26. g3 Qh6 27. Qg2 R8e5
28. b4 Qf8 29. Qf3 Qh6 30. Qg2 Qf8 31. Rd4 Qe7 32. Qf3 Qg5 33. Rd1 R1e2 34. a5
Kg7 35. Kg2 R5e3 36. Qxd5 Re5 37. Qf3 R5e3 38. Qd5 Re5 39. Qd4 Re4 40. Qd2 Qxg4
41. Rh1 g5 42. Qd6 Re6 43. Qd3 Qf5 44. Qf3 Qe5 45. Rd3 Re2 46. Qh5 h6 47. Qf3
Rf6 48. Rhd1 Rxf3 49. Rxf3 g4 50. Rf4 h5 51. Rd7 Qe6 52. Rd1 Re1 53. Rxe1 Qxe1
54. axb6 axb6 55. Rc4 Qe2 56. Rf4 Qd2 57. Kf1 Qxc3 58. Ke2 Qc2+ 59. Ke3 Qd1 60.
Ke4 Qd6 61. Ke3 Kg6 62. Re4 f5 63. Rf4 Qd5 64. Ke2 Kg5 65. Ke3 Qd1 66. Rd4 Qf3+
67. Kd2 Qxf2+ 68. Kc3 Qxg3+ 0-1

[Event "29th Czech Rapid G1 2018"]
[Site "Pardubice CZE"]
[Date "2018.07.19"]
[Round "6.44"]
[White "Balint, Vilmos"]
[Black "Kusa, Jakub"]
[Result "1-0"]
[WhiteElo "2220"]
[BlackElo "2061"]
[WhiteFideId "718050"]
[BlackFideId "395595"]
[EventDate "2018.07.18"]

1. e4 e5 2. f4 exf4 3. Bc4 d6 4. d4 g5 5. h4 Qe7 6. Nc3 Nf6 7. hxg5 Nxe4 8. Nxe4
Qxe4+ 9. Qe2 Qxe2+ 10. Nxe2 Bg7 11. Bxf4 Bg4 12. O-O-O Nc6 13. c3 O-O-O 14. Rh4
Bxe2 15. Bxe2 Ne7 16. Bd2 Rde8 17. Bg4+ Kb8 18. Rdh1 f6 19. Rxh7 Rxh7 20. Rxh7
Bh8 21. Bh5 1-0

[Event "29th Czech Rapid G1 2018"]
[Site "Pardubice CZE"]
[Date "2018.07.19"]
[Round "6.62"]
[White "Ludvik, Tomas"]
[Black "Pacl, Vaclav"]
[Result "1/2-1/2"]
[BlackTitle "FM"]
[WhiteElo "2048"]
[BlackElo "2070"]
[WhiteFideId "367664"]
[BlackFideId "302031"]
[EventDate "2018.07.18"]

1. d4 Nf6 2. c4 c5 3. d5 g6 4. Nc3 d6 5. Nf3 Bg7 6. h3 O-O 7. Bf4 Na6 8. e4 Nc7
9. Be2 a6 10. a4 b6 11. O-O Rb8 12. Re1 Nd7 13. Bh2 Ne5 14. Nd2 f5 15. f4 Nf7
16. Bd3 e6 17. exf5 gxf5 18. Qh5 Qf6 19. Nf3 exd5 20. cxd5 Bd7 21. Bg3 Rfe8 22.
Bf2 Bf8 23. Nh4 Nh6 24. Qg5+ Qg7 25. Qh5 Qf6 26. Qg5+ Bg7 27. Kh2 Rxe1 28. Rxe1
Rf8 29. Re7 Rf7 30. Rxf7 Kxf7 31. Qh5+ Kg8 32. Qg5 b5 33. axb5 axb5 34. Ne2 Nxd5
35. Ng3 Ne7 36. b3 Be6 37. Nh5 Qxg5 38. fxg5 Be5+ 39. Kg1 Nf7 40. Nf6+ Kg7 41.
Nh5+ Kh8 42. Bc2 c4 43. bxc4 bxc4 44. Nf3 Ng6 45. Ng3 Ne7 46. Kf1 Kg7 47. Nh5+
Kg6 48. g4 Nxg5 49. Nxe5+ dxe5 50. Kg2 e4 51. Nf4+ Kf7 52. h4 Nf3 53. Nxe6 Kxe6
54. gxf5+ Kxf5 55. Kf1 Nd5 56. Ke2 Kf4 57. Kf1 e3 58. Be1 Nd4 59. Bxh7 Kf3 60.
Bg8 e2+ 61. Kg1 Ne3 62. h5 c3 63. Bxc3 Ndf5 1/2-1/2

[Event "29th Czech Rapid G1 2018"]
[Site "Pardubice CZE"]
[Date "2018.07.19"]
[Round "6.63"]
[White "Trost, Edvin"]
[Black "Joukl, Zdenek"]
[Result "1/2-1/2"]
[WhiteElo "1925"]
[BlackElo "2029"]
[WhiteFideId "1729519"]
[BlackFideId "304247"]
[EventDate "2018.07.18"]

1. e4 d6 2. d4 Nf6 3. Nc3 Nbd7 4. Nge2 e5 5. g3 c6 6. Bg2 Be7 7. O-O O-O 8. a4
a5 9. h3 b6 10. Kh1 Ba6 11. Re1 b5 12. d5 b4 13. dxc6 Nb8 14. Nd5 Nxc6 15. Ne3
Re8 16. c4 Bf8 17. b3 Bc8 18. g4 Nd7 19. Bb2 Nc5 20. Ng3 Ne6 21. Re2 g6 22. Rd2
Ncd4 23. Bxd4 Nxd4 24. Ne2 Nxe2 25. Qxe2 Be6 26. Rad1 Qc7 27. Nd5 Bxd5 28. Rxd5
Qb6 29. R1d3 Rac8 30. Kg1 Rc5 31. Kf1 Rxd5 32. Rxd5 Rc8 33. Ke1 Rc5 34. Rd3 Be7
35. Qd2 Kg7 36. Kd1 h6 37. Kc2 Rc6 38. Rf3 Rc5 39. Rd3 Rc6 40. Rf3 1/2-1/2

[Event "29th Czech Rapid G1 2018"]
[Site "Pardubice CZE"]
[Date "2018.07.19"]
[Round "6.69"]
[White "Balazec, Ludovit"]
[Black "Bueble, Joschua"]
[Result "1-0"]
[WhiteElo "1991"]
[BlackElo "1722"]
[WhiteFideId "318078"]
[BlackFideId "16225554"]
[EventDate "2018.07.18"]

1. e4 e6 2. d4 d5 3. Nd2 Nf6 4. e5 Nfd7 5. f4 c5 6. Ndf3 Nc6 7. c3 f6 8. g3 fxe5
9. fxe5 cxd4 10. cxd4 Qb6 11. Bd3 Bb4+ 12. Kf1 Be7 13. Kg2 Nf8 14. h4 Bd7 15. b3
O-O-O 16. Be3 Be8 17. Ne2 Bh5 18. Rf1 Ba3 19. Qd2 Ng6 20. Kh3 Bb4 21. Qc1 Ne7
22. a3 Rdf8 23. g4 Bg6 24. Bxg6 Nxg6 25. axb4 Qxb4 26. Qc3 Qb5 27. Qc2 Qb6 28.
h5 Nxe5 29. Nxe5 1-0

[Event "29th Czech Rapid G1 2018"]
[Site "Pardubice CZE"]
[Date "2018.07.19"]
[Round "7.1"]
[White "Paravyan, David"]
[Black "Stocek, Jiri"]
[Result "1/2-1/2"]
[WhiteTitle "GM"]
[BlackTitle "GM"]
[WhiteElo "2638"]
[BlackElo "2586"]
[WhiteFideId "4194985"]
[BlackFideId "304760"]
[EventDate "2018.07.18"]

1. d4 Nf6 2. c4 e6 3. g3 c5 4. Nf3 cxd4 5. Nxd4 Qa5+ 6. Nc3 Ne4 7. Qd3 Nxc3 8.
Bd2 Nc6 9. Qxc3 Qxc3 10. Bxc3 Bb4 11. Nb5 Ke7 12. Bg2 a6 13. Bxb4+ Nxb4 14. Nd4
Rb8 15. O-O Nc6 16. Nb3 d6 17. Rad1 Bd7 18. c5 d5 19. e4 dxe4 20. Bxe4 Rhc8 21.
h4 h6 22. a3 Be8 23. Kg2 Ne5 24. Rc1 f5 25. Bf3 Nd3 26. Rc3 Nxb2 27. Re1 Na4 28.
Rce3 Nxc5 29. Nxc5 Rxc5 30. Rxe6+ Kf8 31. Rb6 Rb5 32. Ree6 Bd7 33. Rxb5 axb5 34.
Rb6 Ke8 35. Bd5 Ra8 36. Rxb7 Rxa3 37. Rb8+ Ke7 38. Rg8 Kf6 39. Rb8 Rd3 40. Bf3
Rd6 41. Be2 Rd5 42. Rb6+ Ke7 43. Kf3 Rc5 44. Ke3 Bc6 45. Rb8 Re5+ 46. Kd2 Kd6
47. Bd3 g5 48. Rh8 Re6 49. Bxf5 Rf6 50. Bg4 Rxf2+ 51. Ke3 Rf6 52. hxg5 hxg5 53.
Rd8+ Kc5 54. Rg8 b4 55. Rxg5+ Bd5 56. Bd1 Kc4 57. Be2+ Kc5 58. Bd1 b3 59. Rxd5+
Kxd5 60. Bxb3+ Ke5 61. Bd1 Ra6 62. Bc2 Ra3+ 63. Bd3 Rb3 64. g4 Kf6 65. Kd4 Rb4+
66. Bc4 Kg5 67. Kc5 Rb8 1/2-1/2

[Event "29th Czech Rapid G1 2018"]
[Site "Pardubice CZE"]
[Date "2018.07.19"]
[Round "7.2"]
[White "Movsesian, Sergei"]
[Black "Belyakov, Bogdan"]
[Result "1-0"]
[WhiteTitle "GM"]
[BlackTitle "IM"]
[WhiteElo "2635"]
[BlackElo "2489"]
[WhiteFideId "310204"]
[BlackFideId "24104795"]
[EventDate "2018.07.18"]

1. Nf3 Nf6 2. g3 g6 3. Bg2 Bg7 4. O-O O-O 5. d4 d6 6. c4 Nc6 7. Nc3 a6 8. Bf4
Rb8 9. Rc1 h6 10. e4 g5 11. Be3 Ng4 12. h4 Nxe3 13. fxe3 Bg4 14. hxg5 hxg5 15.
Bh3 Qd7 16. Nxg5 Bxd1 17. Bxd7 Bh5 18. Nh3 e6 19. Rf2 Nb4 20. Nf4 Bg4 21. Rh2
Rfd8 22. Rh4 Bf3 23. Nxe6 Rxd7 24. Nxg7 Kxg7 25. Rf1 Bxe4 26. Rxe4 b5 27. cxb5
axb5 28. Rf5 c6 29. a3 Nd3 30. b4 Ra7 31. Rg4+ Kf8 32. Ne4 Ke7 33. Ng5 Rf8 34.
Re4+ Kd8 35. Ne6+ fxe6 36. Rxf8+ Ke7 37. Rc8 Rxa3 38. Rxc6 Ra1+ 39. Kg2 Ra2+ 40.
Kf1 Rf2+ 41. Kg1 Rb2 42. Rh4 Ne1 43. Kf1 Nf3 44. Rc7+ Kd8 45. Rhh7 Rd2 46. Rcd7+
Ke8 47. Rde7+ Kd8 48. Ref7 1-0

[Event "29th Czech Rapid G1 2018"]
[Site "Pardubice CZE"]
[Date "2018.07.19"]
[Round "7.3"]
[White "Zakhartsov, Viacheslav V."]
[Black "Bernadskiy, Vitaliy"]
[Result "0-1"]
[WhiteTitle "GM"]
[BlackTitle "GM"]
[WhiteElo "2539"]
[BlackElo "2586"]
[WhiteFideId "4115333"]
[BlackFideId "14100371"]
[EventDate "2018.07.18"]

1. d4 Nf6 2. Nf3 b6 3. c4 Bb7 4. Nc3 e6 5. a3 g6 6. Qc2 Bg7 7. e4 d6 8. Bd3 O-O
9. O-O Nbd7 10. Rb1 Nh5 11. Bg5 f6 12. Bd2 e5 13. d5 Bc8 14. g3 Nc5 15. Be2 f5
16. Ng5 h6 17. b4 hxg5 18. bxc5 f4 19. cxd6 f3 20. Bd3 cxd6 21. Rfe1 Bh3 22. Nd1
Nf4 23. Ne3 Qf6 24. Bc3 Ng2 25. Nxg2 Bxg2 26. a4 Kf7 27. Bf1 Bxf1 28. Rxf1 Rh8
29. Rfe1 g4 30. Qb3 Rxh2 31. Kxh2 Rh8+ 32. Kg1 Qg5 33. Qb5 Rh1+ 34. Kxh1 Qh5+
35. Kg1 Qh3 36. Qd7+ Kg8 0-1

[Event "29th Czech Rapid G1 2018"]
[Site "Pardubice CZE"]
[Date "2018.07.19"]
[Round "7.4"]
[White "Schlosser, Philipp"]
[Black "Rasik, Vitezslav"]
[Result "1/2-1/2"]
[WhiteTitle "GM"]
[BlackTitle "GM"]
[WhiteElo "2501"]
[BlackElo "2458"]
[WhiteFideId "4600169"]
[BlackFideId "300306"]
[EventDate "2018.07.18"]

1. Nf3 Nf6 2. c4 g6 3. Nc3 Bg7 4. e4 d6 5. d4 O-O 6. h3 Na6 7. Be3 e5 8. d5 Nh5
9. g3 f5 10. exf5 gxf5 11. Nh4 Nf6 12. Qc2 Nb4 13. Qd2 a5 14. O-O-O Bd7 15. a3
Na6 16. Bd3 e4 17. Bc2 Nc5 18. Bh6 Qe7 19. Rde1 Bxh6 20. Qxh6 Qg7 21. Qxg7+ Kxg7
22. f3 Rae8 23. Rhf1 exf3 24. Rxe8 Rxe8 25. Bxf5 Nb3+ 26. Kd1 Nd4 27. Bxd7 Nxd7
28. Nxf3 Rf8 29. Nd2 Rxf1+ 30. Nxf1 Ne5 31. Nd2 Nd3 32. b3 Nf2+ 33. Ke1 Nxh3 34.
Kf1 1/2-1/2

[Event "29th Czech Rapid G1 2018"]
[Site "Pardubice CZE"]
[Date "2018.07.19"]
[Round "7.5"]
[White "Gasanov, Eldar"]
[Black "Geller, Jakov"]
[Result "1/2-1/2"]
[WhiteTitle "GM"]
[BlackTitle "GM"]
[WhiteElo "2475"]
[BlackElo "2518"]
[WhiteFideId "14104466"]
[BlackFideId "4151984"]
[EventDate "2018.07.18"]

1. e4 c5 2. d3 Nc6 3. g3 e6 4. Bg2 Nf6 5. f4 d5 6. e5 Nd7 7. c4 Nb6 8. b3 f5 9.
Nf3 d4 10. Na3 Be7 11. Nc2 a5 12. a3 Qc7 13. Rb1 O-O 14. O-O Rd8 15. Bd2 Bd7 16.
b4 axb4 17. axb4 cxb4 18. Nxb4 Na4 19. Qc2 Nc3 20. Nxc6 Bxc6 21. Ra1 Bc5 22. Kh1
Rxa1 23. Rxa1 h6 24. Bxc3 dxc3 25. Qxc3 Qb6 26. Qc2 Qb4 27. h3 Bxf3 28. Bxf3 b6
29. Kg2 Bd4 30. Rb1 Qa3 31. Qb3 Qa5 32. Rd1 Bc5 33. g4 g6 34. Kg3 Kg7 35. Qb2
Bd4 36. Qb3 Bc5 37. Qb2 Bd4 38. Qb3 g5 39. fxg5 Qxe5+ 40. Kg2 hxg5 41. Qb5 Qe3
42. Rf1 Qd2+ 43. Kh1 Qxd3 44. Bg2 Rh8 45. Qd7+ Kf6 46. Rxf5+ exf5 47. Qd6+ Kg7
48. Qd7+ Kg6 49. Qd6+ Kg7 50. Qe7+ Kh6 51. Qe6+ Kg7 52. Qd7+ 1/2-1/2

[Event "29th Czech Rapid G1 2018"]
[Site "Pardubice CZE"]
[Date "2018.07.19"]
[Round "7.6"]
[White "Zwardon, Vojtech"]
[Black "Potapov, Pavel"]
[Result "1-0"]
[WhiteTitle "IM"]
[BlackTitle "GM"]
[WhiteElo "2424"]
[BlackElo "2500"]
[WhiteFideId "325511"]
[BlackFideId "4169786"]
[EventDate "2018.07.18"]

1. c4 f5 2. e4 fxe4 3. d3 Nf6 4. g4 g6 5. g5 Nh5 6. Be2 Ng7 7. dxe4 Nc6 8. h4 d6
9. h5 Rg8 10. Nc3 Ne6 11. Be3 Bg7 12. Nf3 Ne5 13. Nh4 c5 14. f4 Nc6 15. hxg6
hxg6 16. Nxg6 Qa5 17. Bd2 Bxc3 18. Bxc3 Qb6 19. Bh5 Kd8 20. Qd5 Nb4 21. Qd2 Qc6
22. Bxb4 Qxe4+ 23. Kf2 cxb4 24. Rae1 Qxc4 25. Kg3 Rg7 26. Bg4 Rxg6 27. Rh8+ Kd7
28. f5 Nc5 29. fxg6+ Kc6 30. Bf3+ Kb6 31. Rxe7 Bg4 32. Rh4 Rf8 33. Qxd6+ Ka5 34.
Rf7 Qc1 35. Kxg4 Qg1+ 36. Kf5 Qb1+ 37. Re4 Nxe4 38. Bxe4 Qf1+ 39. Qf4 Qh3+ 40.
Qg4 Qf1+ 41. Qf4 Qh3+ 42. Ke5 Re8+ 43. Kf6 1-0

[Event "29th Czech Rapid G1 2018"]
[Site "Pardubice CZE"]
[Date "2018.07.19"]
[Round "7.7"]
[White "Plat, Vojtech"]
[Black "Manik, Mikulas"]
[Result "1-0"]
[WhiteTitle "GM"]
[BlackTitle "GM"]
[WhiteElo "2543"]
[BlackElo "2400"]
[WhiteFideId "325740"]
[BlackFideId "14900734"]
[EventDate "2018.07.18"]

1. e4 c5 2. Nf3 Nc6 3. d4 cxd4 4. Nxd4 g6 5. Nc3 Bg7 6. Be3 Nf6 7. Bc4 O-O 8.
Bb3 d6 9. h3 Bd7 10. Nf3 a6 11. Qd2 Na5 12. Bh6 Rc8 13. Bxg7 Kxg7 14. O-O Nc4
15. Bxc4 Rxc4 16. e5 dxe5 17. Nxe5 Rc8 18. Rad1 Bc6 19. Qe3 Qc7 20. Nxc6 bxc6
21. Rfe1 Rfe8 22. Na4 Nd5 23. Qc5 Kg8 24. c4 Nf6 25. g3 e5 26. Qd6 Qxd6 27. Rxd6
Kg7 28. b3 Re7 29. Nb6 Rcc7 30. c5 e4 31. Nc4 Rc8 32. Rd4 Rcc7 33. Nd6 Re5 34.
Ra4 Rce7 35. Rxa6 Rxc5 36. Nc4 Nd5 37. a4 Rb7 38. Ra5 Rxa5 39. Nxa5 Rb4 40. Nxc6
Rxb3 41. Rxe4 Ra3 42. a5 h5 43. Re5 Nf6 44. Nb4 Rb3 45. Na6 Ra3 46. Nc7 Kf8 47.
a6 Nd7 48. Rb5 Ke7 49. Rb7 Ra5 50. a7 Nc5 51. Na6+ 1-0

[Event "29th Czech Rapid G1 2018"]
[Site "Pardubice CZE"]
[Date "2018.07.19"]
[Round "7.8"]
[White "Kobo, Ori"]
[Black "Deepan, Chakkravarthy J."]
[Result "0-1"]
[WhiteTitle "GM"]
[BlackTitle "GM"]
[WhiteElo "2508"]
[BlackElo "2519"]
[WhiteFideId "2812320"]
[BlackFideId "5011132"]
[EventDate "2018.07.18"]

1. Nf3 Nf6 2. c4 e6 3. g3 d5 4. Bg2 d4 5. O-O c5 6. d3 Nc6 7. e3 Be7 8. exd4
cxd4 9. Re1 O-O 10. Na3 h6 11. Nc2 Re8 12. b3 Bf8 13. Ba3 Bxa3 14. Nxa3 e5 15.
b4 Nxb4 16. c5 Bg4 17. Nc4 Nxd3 18. Qxd3 e4 19. Qb3 exf3 20. Bxf3 Rxe1+ 21. Rxe1
Bxf3 22. Qxf3 Qc7 23. Qa3 Rc8 24. Re5 Rd8 25. Nd6 b6 26. Rf5 bxc5 27. Rxf6 Rxd6
28. Rf5 c4 29. Rc5 Rc6 0-1

[Event "29th Czech Rapid G1 2018"]
[Site "Pardubice CZE"]
[Date "2018.07.19"]
[Round "7.9"]
[White "Cerveny, Martin"]
[Black "Mirzoev, Emil"]
[Result "0-1"]
[WhiteTitle "IM"]
[BlackTitle "IM"]
[WhiteElo "2359"]
[BlackElo "2412"]
[WhiteFideId "321141"]
[BlackFideId "14108640"]
[EventDate "2018.07.18"]

1. d4 Nf6 2. Nf3 g6 3. g3 Bg7 4. Bg2 O-O 5. O-O d6 6. c4 c6 7. h3 Bf5 8. Nc3 Ne4
9. Bd2 e5 10. Nxe4 Bxe4 11. Bc3 Nd7 12. Qd2 Qc7 13. Rad1 Rad8 14. Rfe1 Rfe8 15.
h4 h6 16. Bh3 Bxf3 17. exf3 exd4 18. Bxd4 Ne5 19. Bxe5 dxe5 20. Qc2 h5 21. Re3
Bf8 22. Red3 Bc5 23. Rd7 Rxd7 24. Rxd7 Qb6 25. Qd2 Re7 26. Rd3 Kg7 27. Bg2 a5
28. g4 Qb4 29. Qxb4 axb4 30. gxh5 gxh5 31. Kf1 Re8 32. b3 Ra8 33. Rd2 Be7 34. f4
exf4 35. Ke2 Bxh4 36. Kf3 Kf6 37. Bh3 Bg5 38. Bf1 Ke5 39. Rd7 Rxa2 40. Rxb7 c5
41. Rd7 Bh4 42. Be2 Rb2 43. Rd5+ Ke6 44. Rxh5 Rxb3+ 45. Kxf4 Bxf2 46. Bg4+ Ke7
47. Ke4 Bd4 48. Rh7 Re3+ 49. Kd5 b3 50. Rh1 b2 51. Rf1 f5 52. Bh5 Rc3 53. Re1+
Kf6 0-1

[Event "29th Czech Rapid G1 2018"]
[Site "Pardubice CZE"]
[Date "2018.07.19"]
[Round "7.10"]
[White "Gutman, Gennadi"]
[Black "Boruchovsky, Avital"]
[Result "0-1"]
[WhiteTitle "GM"]
[BlackTitle "GM"]
[WhiteElo "2476"]
[BlackElo "2558"]
[WhiteFideId "14102277"]
[BlackFideId "2800055"]
[EventDate "2018.07.18"]

1. Nf3 b6 2. d4 Bb7 3. c4 e6 4. a3 Nf6 5. Nc3 d5 6. cxd5 Nxd5 7. e3 Nxc3 8. bxc3
Be7 9. Bb5+ c6 10. Bd3 c5 11. O-O O-O 12. Qe2 Nc6 13. Bb2 Qd5 14. e4 Qh5 15.
Rad1 Rad8 16. Rfe1 Bf6 17. Bb1 g6 18. h3 Rfe8 19. Kh2 cxd4 20. cxd4 Qa5 21. Qe3
Rd7 22. Re2 Qb5 23. Red2 Na5 24. Bd3 Qb3 25. Qe2 Rc8 26. Bb5 Rdd8 27. d5 Bxb2
28. Rxb2 Qxa3 29. Rd3 Qe7 30. dxe6 Qxe6 31. Re3 a6 32. Bd3 b5 33. g3 Nc4 34.
Bxc4 Qxc4 35. Qe1 Qc1 36. Qb4 Rd1 37. Kg2 Qc4 38. Qxc4 Rxc4 39. Ne5 Rxe4 0-1

[Event "29th Czech Rapid G1 2018"]
[Site "Pardubice CZE"]
[Date "2018.07.19"]
[Round "7.11"]
[White "Vorobiov, Evgeny E."]
[Black "Skliarov, Viktor"]
[Result "1/2-1/2"]
[WhiteTitle "GM"]
[BlackTitle "IM"]
[WhiteElo "2564"]
[BlackElo "2357"]
[WhiteFideId "4121341"]
[BlackFideId "14106736"]
[EventDate "2018.07.18"]

1. d4 Nf6 2. c4 e6 3. Nf3 b6 4. a3 Bb7 5. Nc3 d5 6. cxd5 Nxd5 7. e3 Be7 8. Bb5+
c6 9. Bd3 O-O 10. e4 Nxc3 11. bxc3 c5 12. O-O cxd4 13. cxd4 Nc6 14. Be3 Rc8 15.
Qe2 Na5 16. Rad1 b5 17. d5 exd5 18. Bxb5 Nc4 19. Bxc4 Rxc4 20. exd5 Ba6 21. Rfe1
Ra4 22. Qc2 Rc4 23. Qb3 Bd6 24. Bxa7 Qd7 25. Bd4 Ra4 26. Ne5 Qb5 27. Qf3 Rxd4
28. Rxd4 Bxe5 29. Rb4 Qc5 30. Qe3 Qxe3 31. Rxe3 Rc8 32. g3 f6 33. Rb6 Bc4 34.
Rc6 Rxc6 35. dxc6 Kf7 36. c7 Ba6 37. a4 Bxc7 38. Rc3 Ba5 39. Rc5 Bb4 40. Rc6 Bd3
41. Rc7+ Kg6 42. h4 h5 43. Kg2 Kh6 44. Kf3 g5 45. Rc6 Kg6 46. hxg5 Kxg5 47. Ke3
Bf1 48. a5 Bb5 49. Rc8 f5 50. Kf3 Ba6 51. Rg8+ Kf6 52. Rh8 Bb7+ 53. Ke3 Bxa5 54.
Rxh5 Bb6+ 55. Ke2 Ba6+ 56. Kf3 Bb7+ 57. Ke2 Ba6+ 58. Ke1 Kg6 59. Rh8 Ba5+ 60.
Kd1 Bd3 61. Ra8 Bb4 62. Rd8 Be4 63. Ke2 Be7 64. Rb8 Kf6 65. Rb5 Ke6 66. f4 Bd6
67. Ke3 Bc6 68. Ra5 Bc7 69. Ra6 Kd5 70. Kf2 Bd6 71. Kg2 Bb5 72. Ra5 Kc6 73. Kh3
Be7 74. Ra1 Be2 75. Kg2 Bg4 76. Re1 Bc5 77. Rc1 1/2-1/2